Statistics for Irregular verbs Match Part 1

Click here to take the quiz!

General Stats

  • This quiz has been taken 50 times
  • The average score is 9 of 10

Answer Stats

HintAnswer% Correct
havehad
98%
winwon
98%
givegave
96%
gowent
96%
findfound
94%
loselost
94%
sitsat
94%
seesaw
94%
dodid
88%
bewas/were
86%

Score Distribution

Percentile by Number Answered

Percent of People with Each Score

Your Score History

You have not taken this quiz